| 000 | 00579nam a2200181Ia 4500 | ||
|---|---|---|---|
| 003 | GCL | ||
| 008 | 140319s9999 xx 000 0 ara d | ||
| 040 |
_aGCL / _cGCL |
||
| 082 | 0 | 4 |
_a219.1 _bص ا |
| 100 | 1 | _aصبحى الصالح | |
| 245 | 1 | 0 |
_aالاسلام والمجتمع العصرى / _cصبحى الصالح |
| 300 | _a271 ص | ||
| 490 |
_aسلسلة الاسلام الحضارى _v0 |
||
| 650 | 0 | 4 | _aالاسلام والمذاهب الاقتصادية |
| 650 | 0 | 4 | _aالاسلام والمجتمع |
| 650 | 0 | 4 | _aالمرأة فى الاسلام |
| 942 |
_2ddc _cBK |
||
| 999 |
_c41201 _d41201 |
||